00415nam a2200169Ia 4500003000400000005001700004008004100021020001400062040000700076041000800083082002300091100002100114245004600135260003400181300001600215365001400231OSt20230327100801.0210423s2008 xx 000 0 und d a818300056 cAL aeng 223a541.3028bSINA aSINGH (Ayodhya). aAdvanced experimental physical chemistry. aNew DelhibCampus Booksc2008 avii,541bHB b1300cINR